|
|
|
|
| LEADER |
00000nkm a2200000 a 4500 |
| 001 |
vtls012013498 |
| 003 |
SK-MaSNL |
| 005 |
20260331212419.0 |
| 007 |
kf bo |
| 008 |
231121s1970 xo g kuslo |
| 015 |
|
|
|a SNBG1970
|
| 035 |
|
|
|a urn:nbn:sk:snk-km00fag1
|
| 035 |
|
|
|a urn:nbn:sk:snk-km45t07
|
| 035 |
|
|
|a CB468571-6AA2-48CD-A7A5-267A01771F96
|
| 040 |
|
|
|a SNK
|b slo
|c SNK
|e AACR2
|
| 041 |
0 |
|
|a slo
|
| 043 |
|
|
|a e-xo---
|
| 044 |
|
|
|a xo
|c SK
|
| 072 |
|
7 |
|a 913
|x Regionálna geografia
|2 konspekt
|
| 080 |
|
|
|a 913(437.6)
|2 2011
|
| 080 |
|
|
|a 373/378
|2 2011
|
| 080 |
|
|
|a (084.121)
|2 2011
|
| 080 |
|
|
|a 725.945
|2 2011
|
| 080 |
|
|
|a 725
|2 2011
|
| 080 |
|
|
|a 711.73
|2 2011
|
| 080 |
|
|
|a 728.82
|2 2011
|
| 080 |
|
|
|a 629.97
|2 2011
|
| 080 |
|
|
|a 556.53
|2 2011
|
| 080 |
|
|
|a 502.51
|2 2011
|
| 080 |
|
|
|a 904:72
|2 2011
|
| 080 |
|
|
|a 908(437.6)
|2 2011
|
| 100 |
1 |
|
|a Žigo, J.
|c (fotograf)
|4 pht
|9 356312
|
| 245 |
1 |
0 |
|a Gabčíkovo
|h grafika
|c Foto: J. Žigo
|
| 260 |
|
|
|a Bratislava
|b Pressfoto
|c 1970
|
| 300 |
|
|
|a 1 pohľadnica (5 čiastkových pohľadov)
|b čiernobiela
|c 11 x 15 cm
|
| 500 |
|
|
|a Názvové údaje prevzaté z obrazovej časti pohľadnice
|
| 520 |
8 |
|
|a Zobrazenie: Päť čiastkových pohľadov na bielom podklade. Dole je uprostred medzi pohľadmi čiernym písmom na bielom podklade názov. Pohľad na Základnú školu Lászlóa Amadéa vpravo v pozadí, vľavo v popredí je trávnatá plocha a vpravo od nej je chodník. Pohľad na pamätník postavený na troch schodoch, vľavo v popredí je krík. Pohľad na ulicu a vpravo za ňou obchod, vľavo za ním sú vysoké listnaté stromy. Pohľad na kaštieľ v pozadí za parkom, v ktorom sú v popredí živé ploty. Pohľad na loď na rieke
|
| 610 |
2 |
7 |
|a Amadeovský kaštieľ (Gabčíkovo, Slovensko)
|2 SNKKA
|9 173110
|
| 650 |
0 |
7 |
|a školy
|2 SNKPH
|9 1276
|
| 650 |
0 |
7 |
|a pamätníky
|2 SNKPH
|9 25601
|
| 650 |
0 |
7 |
|a obchody
|2 SNKPH
|9 3004
|
| 650 |
0 |
7 |
|a ulice
|2 SNKPH
|9 2938
|
| 650 |
0 |
7 |
|a kaštiele
|2 SNKPH
|9 28599
|
| 650 |
0 |
7 |
|a lode
|2 SNKPH
|9 28713
|
| 650 |
0 |
7 |
|a rieky
|2 SNKPH
|9 29644
|
| 650 |
0 |
7 |
|a národné kultúrne pamiatky
|2 SNKPH
|9 31192
|
| 651 |
|
7 |
|a Gabčíkovo (Slovensko)
|2 SNKPHgeo
|9 23512
|
| 651 |
|
7 |
|a Dunaj (rieka)
|2 SNKPHgeo
|9 22602
|
| 655 |
|
7 |
|a miestne pohľadnice
|2 SNKPH
|9 70510
|
| 655 |
|
7 |
|a geografické pohľadnice
|2 SNKPH
|9 70522
|
| 852 |
|
|
|a Slovenská národná knižnica
|
| 958 |
|
|
|a GC
|
| 958 |
|
|
|a GBN
|
| 958 |
|
|
|a OND
|
| 958 |
|
|
|a EUIPO
|
| 999 |
|
|
|c 957713
|d 959643
|
| 952 |
|
|
|a SNK
|b SNK
|y PREZ
|7 0
|p 17A1279945
|o snkSP 51492
|0 0
|1 0
|4 0
|d 2021-02-05
|f 1
|l 0
|r 2026-02-24 10:09:01
|w 2026-02-24
|